Who's That With Kanye West? Quiz Stats

Quiz Updated Sep 9, 2016

Challenge
Share
Tweet
Score 0/25 Timer 07:00
1 Play Today
% Correct
Taylor Swift
98.2%
Barack Obama
97.4%
Ellen DeGeneres
96.7%
Jay Z
93.6%
Miley Cyrus
93.3%
Katy Perry
91.8%
Justin Timberlake
91.7%
Rihanna
90.8%
Paul McCartney
90.1%
Madonna
90%
Beyoncé
88.7%
Drake
85.5%
John Legend
81.6%
% Correct
Lady Gaga
81.1%
Jimmy Kimmel
80.3%
Pharrell Williams
74.1%
Gwen Stefani
73.5%
Sean Combs
71.8%
Jared Leto
61.9%
Amber Rose
61.4%
Aziz Ansari
54.5%
deadmau5
53.3%
Courtney Love (and Alexis Phifer)
50%
Beck
39.6%
Big Sean
26.3%

You're not logged in!

Compare scores with friends on all Sporcle quizzes.
Join for Free
OR
Log In

You Might Also Like...

Show Comments

Extras

Top Quizzes Today


Score Distribution

Your Account Isn't Verified!

In order to create a playlist on Sporcle, you need to verify the email address you used during registration. Go to your Sporcle Settings to finish the process.

Report this User

Report this user for behavior that violates our Community Guidelines.

Details: